[Event "N1 Reykjavik Open 2014"]
[Site "Reykjavik ISL"]
[Date "2014.03.12"]
[Round "10.43"]
[White "Khademalsharieh, Sarasadat"]
[Black "Bjornsson, Sverrir Orn"]
[Result "1/2-1/2"]
[WhiteTitle "WGM"]
[WhiteElo "2294"]
[BlackElo "2126"]
[WhiteFideId "12512214"]
[BlackFideId "2301954"]
[EventDate "2014.03.04"]

1. d4 Nf6 2. Nf3 e6 3. c4 c5 4. d5 b5 5. Bg5 h6 6. Bxf6 Qxf6 7. Qc2 Na6 8. e4
Nb4 9. Qd2 bxc4 10. Bxc4 Qg6 11. O-O Qxe4 12. b3 g5 13. Nc3 Qf4 14. Qe2 Bg7 15.
Rac1 Bb7 16. dxe6 fxe6 17. a3 Bxf3 18. Qxf3 Qxf3 19. gxf3 Nc6 20. Ne4 Nd4 21.
Nxc5 d5 22. Ba6 O-O 23. Kg2 Rxf3 24. Nxe6 Rxb3 25. Nxd4 Bxd4 26. Rcd1 Rb6 27.
Be2 Bb2 28. Bf3 Rd8 29. Bxd5+ Kg7 30. a4 Rbd6 31. Bf3 Rxd1 32. Rxd1 1/2-1/2

[Event "N1 Reykjavik Open 2014"]
[Site "Reykjavik ISL"]
[Date "2014.03.12"]
[Round "10.44"]
[White "Kristinsson, Jon"]
[Black "Kenney, Jason"]
[Result "1-0"]
[WhiteElo "2290"]
[BlackElo "2124"]
[WhiteFideId "2300141"]
[BlackFideId "2606690"]
[EventDate "2014.03.04"]

1. d4 Nf6 2. c4 Nc6 3. Nf3 e6 4. Nc3 Bb4 5. Bg5 h6 6. Bh4 g5 7. Bg3 Ne4 8. Rc1
d5 9. e3 h5 10. h3 Nxg3 11. fxg3 Qf6 12. Bd3 Bd6 13. O-O Qg7 14. g4 hxg4 15.
hxg4 dxc4 16. Bxc4 Bd7 17. Ne4 Be7 18. Bb5 Qh7 19. Nc5 Bxc5 20. Rxc5 f5 21. Ne1
Qh4 22. Qf3 O-O-O 23. gxf5 g4 24. Qf4 Rdf8 25. e4 e5 26. dxe5 Qe7 27. Nd3 g3 28.
Qxg3 Rfg8 29. Qe3 Qh4 30. Nf4 Qh2+ 31. Kf2 Rg4 32. Ke1 Rhh4 33. e6 Be8 34. f6
Rxf4 35. f7 Bxf7 36. exf7 Rxf1+ 37. Bxf1 Qd6 38. Rf5 1-0

[Event "N1 Reykjavik Open 2014"]
[Site "Reykjavik ISL"]
[Date "2014.03.12"]
[Round "10.45"]
[White "Vaarala, Eric"]
[Black "Sigeman, Johan"]
[Result "1-0"]
[WhiteElo "2285"]
[BlackElo "2123"]
[WhiteFideId "1711962"]
[BlackFideId "1705601"]
[EventDate "2014.03.04"]

1. c4 e5 2. Nc3 Nc6 3. Nf3 g6 4. d3 Bg7 5. Nd5 d6 6. g3 h6 7. Bg2 Be6 8. e4 Qd7
9. Be3 Nd8 10. h3 c6 11. Rc1 f5 12. Nc3 Ne7 13. b3 c5 14. Qd2 Nf7 15. Nd5 O-O
16. Nh4 Bxd5 17. cxd5 f4 18. gxf4 exf4 19. Bxf4 g5 20. Bf3 Ne5 21. Bxe5 Bxe5 22.
Bg4 Qb5 23. Ng2 Ng6 24. Be6+ Kg7 25. h4 Nf4 26. Nxf4 Bxf4 27. Qb2+ Be5 28. Qe2
Qb4+ 29. Kf1 Bf4 30. Rc4 Qd2 31. Qxd2 Bxd2 32. Ke2 Bf4 33. b4 b6 34. hxg5 hxg5
35. d4 Rab8 36. Rc3 Rh8 37. Rxh8 Kxh8 38. bxc5 bxc5 39. dxc5 dxc5 40. Rxc5 Rb2+
41. Kf3 Rxa2 42. d6 Ra3+ 43. Kg4 Bxd6 44. Rxg5 Ra4 45. Kf5 Ra5+ 46. Bd5 Kh7 47.
f4 Be7 48. Rg2 1-0

[Event "N1 Reykjavik Open 2014"]
[Site "Reykjavik ISL"]
[Date "2014.03.12"]
[Round "10.46"]
[White "Ponomarenko, Alexandr"]
[Black "Hackner, Oskar A"]
[Result "0-1"]
[WhiteTitle "IM"]
[WhiteElo "2274"]
[BlackElo "2105"]
[WhiteFideId "14122456"]
[BlackFideId "424188"]
[EventDate "2014.03.04"]

1. e4 e6 2. Nf3 d5 3. Nc3 Nf6 4. e5 Nfd7 5. d4 c5 6. dxc5 Nc6 7. Bf4 Be7 8. h4
Nxc5 9. Bd3 Bd7 10. Ng5 h6 11. Nf3 Qb6 12. Rb1 Nxd3+ 13. Qxd3 Nb4 14. Qd2 Bb5
15. a3 Na6 16. Nd4 Nc7 17. Ndxb5 Nxb5 18. h5 Rc8 19. Rh3 Nxc3 20. Rxc3 Rxc3 21.
Qxc3 O-O 22. Be3 Qa6 23. Rd1 b6 24. Rd4 Rc8 25. Qd2 Bc5 26. Rd3 Bxe3 27. Rxe3
Qa4 28. c3 Qh4 29. Qe2 Qh1+ 30. Kd2 Qb1 31. Qb5 d4 32. Rf3 Rd8 33. a4 dxc3+ 34.
Kxc3 Qa2 35. Kc2 Qa1 36. Rd3 Rc8+ 37. Kb3 Qc1 38. Rc3 Rxc3+ 39. bxc3 Qb1+ 40.
Ka3 Qf5 41. f3 Qxh5 42. a5 bxa5 43. Qxa5 Qg5 44. Qxa7 Qxg2 45. Qa8+ Kh7 46. Qe4+
g6 47. c4 Qf2 48. Kb4 Qb6+ 49. Kc3 h5 50. Qf4 Kg8 51. Qf6 Qa5+ 52. Kd4 Kf8 53.
Qh8+ Ke7 54. Qf6+ Ke8 55. Qh8+ Kd7 56. Qf8 Qa1+ 57. Ke4 Qe1+ 58. Kd4 Qf2+ 59.
Ke4 Qe2+ 60. Kd4 Qf2+ 61. Ke4 Qh4+ 62. f4 Qe7 63. Qg8 Kc7 64. Kf3 Kb6 65. Ke3
Qc7 66. Kd3 Kb7 67. Qe8 h4 68. Qb5+ Kc8 69. Kc3 Kd8 70. c5 g5 71. fxg5 Qxe5+ 72.
Kc2 h3 73. Qa5+ Qc7 74. Qa8+ Ke7 75. Qa3 h2 76. c6+ Qd6 77. Qf3 Qc5+ 78. Kb2
Qe5+ 79. Ka3 Qa1+ 0-1

[Event "N1 Reykjavik Open 2014"]
[Site "Reykjavik ISL"]
[Date "2014.03.12"]
[Round "10.47"]
[White "Berg, Runar"]
[Black "Constantinou, Peter"]
[Result "0-1"]
[BlackTitle "FM"]
[WhiteElo "2117"]
[BlackElo "2270"]
[WhiteFideId "2302306"]
[BlackFideId "413038"]
[EventDate "2014.03.04"]

1. e4 c6 2. d4 d5 3. Nc3 g6 4. exd5 cxd5 5. Nf3 Nf6 6. Bb5+ Bd7 7. Bxd7+ Nbxd7
8. O-O Bg7 9. Bf4 O-O 10. Re1 Rc8 11. Qe2 e6 12. Qb5 Qb6 13. Qb3 Rc4 14. Qxb6
Nxb6 15. Bd6 Rfc8 16. Bc5 Ne4 17. Nxe4 dxe4 18. Rxe4 Rxc2 19. b4 Nd5 20. a3 b6
21. Bd6 Nc3 22. Ree1 Ne2+ 23. Kf1 Nxd4 24. Rad1 Nxf3 25. gxf3 R2c3 26. b5 Rxf3 0-1

[Event "N1 Reykjavik Open 2014"]
[Site "Reykjavik ISL"]
[Date "2014.03.12"]
[Round "10.48"]
[White "Johannesson, Oliver"]
[Black "Zeier, Klaus"]
[Result "1-0"]
[WhiteElo "2115"]
[BlackElo "2253"]
[WhiteFideId "2305623"]
[BlackFideId "4696050"]
[EventDate "2014.03.04"]

1. d4 Nf6 2. c4 g6 3. Nc3 d5 4. Nf3 Bg7 5. Bg5 Ne4 6. Bh4 Nxc3 7. bxc3 dxc4 8.
e3 Be6 9. Be2 c5 10. O-O O-O 11. Rb1 cxd4 12. Nxd4 Bd5 13. Qc2 b6 14. Rfd1 Nd7
15. Nf5 Nf6 16. Ng3 e6 17. e4 Qd7 18. Bxf6 Bxf6 19. exd5 exd5 20. Bxc4 Rac8 21.
Bxd5 Rxc3 22. Ne4 Qf5 23. Qb2 Rc6 24. Qb3 Rc7 25. Nxf6+ Qxf6 26. Rbc1 Rfc8 27.
Rxc7 Rxc7 28. g3 Rc3 29. Bxf7+ Kg7 30. Qe6 Qf3 31. Qe5+ Kh6 32. Qd5 Qf6 33. Qd4
Qc6 34. Qh4+ Kg7 35. Be8 1-0

[Event "N1 Reykjavik Open 2014"]
[Site "Reykjavik ISL"]
[Date "2014.03.12"]
[Round "10.49"]
[White "Petursson, Gudni"]
[Black "Hoffmann, Hendrik"]
[Result "1/2-1/2"]
[BlackTitle "FM"]
[WhiteElo "2104"]
[BlackElo "2244"]
[WhiteFideId "2301725"]
[BlackFideId "4618130"]
[EventDate "2014.03.04"]

1. d4 d5 2. c4 dxc4 3. e4 e5 4. Nf3 exd4 5. Qxd4 Qxd4 6. Nxd4 a6 7. Bxc4 Bb4+ 8.
Bd2 Bxd2+ 9. Nxd2 Ne7 10. O-O O-O 11. N2f3 b5 12. Bb3 c5 13. Ne2 Bb7 14. Bc2
Nbc6 15. Rad1 Rfd8 16. Rfe1 Ng6 17. b3 Rxd1 18. Rxd1 Rd8 19. Rxd8+ Nxd8 20. Kf1
Nc6 21. Ke1 Nge5 22. Nxe5 Nxe5 23. f3 Kf8 24. Kd2 Ke7 25. Ke3 f6 26. Nf4 Nc6 27.
Bb1 Nd4 28. Ne2 Ne6 29. Nf4 Nxf4 30. Kxf4 Kd6 31. Ke3 Bc8 32. Bc2 Be6 33. f4 h6
34. Bd1 a5 35. Bc2 Kc6 36. g3 b4 37. h4 a4 38. Bd1 a3 39. Kd3 Kb5 40. Kc2 Kc6
41. Be2 Bh3 42. Kd2 Kd6 43. Kc2 Bg2 44. Bd3 Bf3 45. Kd2 g5 46. Kc2 gxh4 47. gxh4
Bg2 48. Kd2 c4 49. Bxc4 Bxe4 50. Bd3 Bd5 51. Bc2 Kc5 52. Ke3 Bf7 53. Bb1 Be6 54.
Bc2 Bd5 55. Bb1 Bf7 56. Bc2 Bh5 57. Bb1 Bd1 58. Kd2 Bh5 59. Ke3 Bd1 1/2-1/2

[Event "N1 Reykjavik Open 2014"]
[Site "Reykjavik ISL"]
[Date "2014.03.12"]
[Round "10.50"]
[White "Stigar, Petter"]
[Black "Runarsson, Gunnar"]
[Result "1-0"]
[WhiteTitle "FM"]
[WhiteElo "2237"]
[BlackElo "2048"]
[WhiteFideId "1500341"]
[BlackFideId "2301768"]
[EventDate "2014.03.04"]

1. Nf3 e6 2. d4 Nf6 3. c4 d5 4. g3 c6 5. Bg2 Nbd7 6. O-O Be7 7. Qc2 O-O 8. Nbd2
b6 9. e4 dxe4 10. Nxe4 Bb7 11. Rd1 Nxe4 12. Qxe4 Nf6 13. Qe2 Qc7 14. Bf4 Bd6 15.
Bxd6 Qxd6 16. Rac1 c5 17. Qe5 Rad8 18. Qxd6 Rxd6 19. dxc5 Rxd1+ 20. Rxd1 Bxf3
21. Bxf3 bxc5 22. Rd6 Rc8 23. Kf1 Kf8 24. Ke2 Ke7 25. Ra6 Rc7 26. Kd2 Nd7 27.
Kc3 Ne5 28. Be2 g5 29. a3 f5 30. b4 f4 31. gxf4 gxf4 32. f3 Nc6 33. Bd3 Ne5 34.
Be2 Nc6 35. bxc5 e5 36. Bd3 Nd4 37. Be4 Ne6 38. Bd5 Nxc5 39. Rh6 Kf8 40. Rh5 Re7
41. Rg5 Ke8 42. Kb4 Nd3+ 43. Kb5 Kd7 44. Rg2 Kc7 45. c5 a6+ 46. Kc4 e4 47. Bxe4
Ne5+ 48. Kd4 Nc6+ 49. Kc3 Rd7 50. Rd2 Rg7 51. Rd6 Nb8 52. Rb6 Rg5 53. Rb7+ Kc8
54. Kd4 Nd7 55. c6 Nf6 56. Rf7 Nxe4 57. fxe4 Ra5 58. e5 Rxa3 59. e6 Re3 60. e7
f3 61. Kxe3 1-0

[Event "N1 Reykjavik Open 2014"]
[Site "Reykjavik ISL"]
[Date "2014.03.12"]
[Round "10.51"]
[White "Edvardsson, Kristjan"]
[Black "Fehr, Axel"]
[Result "0-1"]
[WhiteElo "2233"]
[BlackElo "2101"]
[WhiteFideId "2300893"]
[BlackFideId "4675185"]
[EventDate "2014.03.04"]

1. d4 Nf6 2. c4 g6 3. g3 c6 4. Bg2 d5 5. Nf3 Bg7 6. O-O O-O 7. cxd5 cxd5 8. Nc3
Ne4 9. Qb3 Nxc3 10. bxc3 Nc6 11. Nd2 e6 12. Ba3 Re8 13. e4 Na5 14. Qc2 Bd7 15.
Rab1 Rc8 16. Qd3 e5 17. dxe5 Bxe5 18. Bb4 Nc6 19. f4 Nxb4 20. Rxb4 Rxc3 21. Qxd5
Bc6 22. Qxd8 Rxd8 23. fxe5 Rxd2 24. e6 fxe6 25. Bh3 a5 26. Bxe6+ Kg7 27. Rf7+
Kh6 28. Rc4 Re3 29. g4 Re1+ 30. Rf1 Rxf1+ 31. Kxf1 Bb5 0-1

[Event "N1 Reykjavik Open 2014"]
[Site "Reykjavik ISL"]
[Date "2014.03.12"]
[Round "10.52"]
[White "Sverrisson, Nokkvi"]
[Black "Steindorsson, Sigurdur P."]
[Result "1-0"]
[WhiteElo "2066"]
[BlackElo "2215"]
[WhiteFideId "2304376"]
[BlackFideId "2301229"]
[EventDate "2014.03.04"]

1. e4 d5 2. exd5 Qxd5 3. Nc3 Qd6 4. d4 Nf6 5. Bc4 a6 6. Nge2 Bg4 7. f3 Bf5 8.
Bf4 Qb6 9. Bb3 e6 10. g4 Bg6 11. d5 Nxd5 12. Nxd5 exd5 13. Qxd5 Nd7 14. O-O-O
O-O-O 15. Nc3 Be7 16. Qc4 Ne5 17. Qe2 Bd6 18. Bxe5 Rhe8 19. Bd4 Rxe2 20. Bxb6
Bf4+ 21. Kb1 Red2 22. Rxd2 Rxd2 23. Nd5 Rxd5 24. Bxd5 cxb6 25. Be4 Bxe4 26. fxe4
f6 27. h3 Kd7 28. Rd1+ Bd6 29. Rd5 Ke6 30. c4 Ke7 31. Kc2 Ke6 32. Kd3 Ke7 33. a3
Kd7 34. b4 Kc6 35. Kd4 Bc7 1-0

[Event "N1 Reykjavik Open 2014"]
[Site "Reykjavik ISL"]
[Date "2014.03.12"]
[Round "10.53"]
[White "Farine, Jonathan"]
[Black "Christiansen, Johan-Sebastian"]
[Result "0-1"]
[WhiteElo "1953"]
[BlackElo "2209"]
[WhiteFideId "2611406"]
[BlackFideId "1512668"]
[EventDate "2014.03.04"]

1. e4 e6 2. d4 d5 3. Nc3 Bb4 4. Ne2 Nc6 5. e5 f6 6. exf6 Nxf6 7. a3 Ba5 8. Bg5
O-O 9. f3 a6 10. b4 Bb6 11. Na4 Ba7 12. f4 Qe8 13. Bxf6 Rxf6 14. c3 Ne7 15. Nb2
b6 16. Nd3 Nf5 17. g3 c5 18. Bh3 Ne3 19. Qc1 Nc4 20. Ne5 cxd4 21. Nxc4 dxc4 22.
Bg2 Bd7 23. Bxa8 Qxa8 24. Rf1 d3 25. Ng1 Qe4+ 26. Kd2 b5 27. Qe1 Qg2+ 28. Ne2
Rf5 29. Ra2 Rd5 0-1

[Event "N1 Reykjavik Open 2014"]
[Site "Reykjavik ISL"]
[Date "2014.03.12"]
[Round "10.54"]
[White "Klundt, Klaus"]
[Black "Stefansson, Vignir Vatnar"]
[Result "1-0"]
[WhiteTitle "IM"]
[WhiteElo "2341"]
[BlackElo "1844"]
[WhiteFideId "4600436"]
[BlackFideId "2308649"]
[EventDate "2014.03.04"]

1. e4 c5 2. Nf3 e6 3. d4 cxd4 4. Nxd4 Nc6 5. Nc3 Qc7 6. g3 Nf6 7. Bg2 a6 8. O-O
Nxd4 9. Qxd4 Bc5 10. Bf4 d6 11. Qd2 e5 12. Bg5 Bb4 13. Nb5 Qc5 14. c3 Qxb5 15.
cxb4 Qb6 16. Rad1 Ke7 17. Be3 Qc6 18. Rc1 Qb5 19. Rfd1 Rd8 20. Bf1 Qe8 21. Bb6
Rd7 22. Bh3 Nxe4 23. Qd3 d5 24. Bxd7 Bxd7 25. Qxd5 Bc6 26. Qxe5+ Kf8 27. Qxe8+
Rxe8 28. Rd8 Rxd8 29. Bxd8 Nd2 30. h4 Nf3+ 31. Kf1 Bb5+ 32. Kg2 Nd2 33. Bg5 Nc4
34. b3 Bc6+ 35. f3 Ne5 36. Rc3 f6 37. Bf4 Nf7 38. a4 g5 39. b5 axb5 40. axb5
Bxb5 41. hxg5 fxg5 42. Bxg5 Bc6 43. Bf4 Kg7 44. g4 Kf6 45. Rc5 h6 46. Bxh6 Ke6
47. Bf4 Kd7 48. Kg3 b6 49. Rh5 Ke6 50. b4 b5 51. Rc5 Kd7 52. g5 Nd8 53. Be3 Ne6
54. Rf5 Ke7 55. Bc5+ Ke8 56. g6 Bb7 57. Rf6 Ng7 58. Rf8+ Kd7 59. Rf7+ Kc8 60.
Rxg7 Bd5 61. f4 Kd8 62. f5 Ke8 63. Re7+ Kd8 64. f6 Kc8 65. f7 Bxf7 66. gxf7 Kb8
67. f8=Q# 1-0

[Event "N1 Reykjavik Open 2014"]
[Site "Reykjavik ISL"]
[Date "2014.03.12"]
[Round "10.55"]
[White "Olafsson, Thorvardur"]
[Black "Pupols, Viktors"]
[Result "1-0"]
[WhiteElo "2254"]
[BlackElo "2049"]
[WhiteFideId "2301148"]
[BlackFideId "2008009"]
[EventDate "2014.03.04"]

1. e4 d6 2. d4 Nf6 3. Nc3 Nbd7 4. Nf3 e5 5. Bc4 Be7 6. O-O O-O 7. a4 c6 8. a5 b5
9. axb6 Qxb6 10. Re1 Bb7 11. Bb3 Qc7 12. h3 Nb6 13. Bg5 h6 14. Bh4 Nh5 15. dxe5
dxe5 16. Nxe5 Nf4 17. Bxe7 Qxe7 18. Nc4 Rad8 19. Qg4 Ne6 20. Rxa7 Nc8 21. Raa1
Nd4 22. Ne3 Nxb3 23. Nf5 Qg5 24. Qxg5 hxg5 25. cxb3 Rd2 26. Na4 g6 27. Ne3 Ba6
28. Red1 Rfd8 29. Nc5 Rxd1+ 30. Rxd1 Rxd1+ 31. Nxd1 Bb5 32. Nc3 Kf8 33. e5 Ne7
34. N3e4 g4 35. hxg4 Nd5 36. g3 Be2 37. g5 Bf3 38. Nd2 Bd1 39. f4 Ke7 40. Kf2
Bg4 41. Nc4 Nb4 42. Ne3 Bf5 43. Ke2 Be6 44. Kd2 Bc8 45. g4 Nd5 46. Nxd5+ cxd5
47. b4 Kd8 48. Ke3 Bxg4 49. Kd4 Kc7 50. Kxd5 Bf3+ 51. Kc4 Be2+ 52. Kd4 Bg4 53.
e6 fxe6 54. Ke5 Kc6 55. Nxe6 1-0

[Event "N1 Reykjavik Open 2014"]
[Site "Reykjavik ISL"]
[Date "2014.03.12"]
[Round "10.56"]
[White "Frick, Renato"]
[Black "Liang, Awonder"]
[Result "0-1"]
[BlackTitle "FM"]
[WhiteElo "2038"]
[BlackElo "2237"]
[WhiteFideId "12000027"]
[BlackFideId "2056437"]
[EventDate "2014.03.04"]

1. e4 c5 2. Nf3 d6 3. d4 cxd4 4. Nxd4 Nf6 5. Nc3 a6 6. Be2 e5 7. Nb3 Be7 8. Be3
Be6 9. O-O O-O 10. f4 exf4 11. Rxf4 Nc6 12. Nd5 Bxd5 13. exd5 Ne5 14. c4 Nfd7
15. Rf2 Rc8 16. Rc1 Bg5 17. Bxg5 Qxg5 18. Qd4 b5 19. Nd2 bxc4 20. Rc3 g6 21.
Nxc4 Nxc4 22. Bxc4 a5 23. h4 Qe7 24. h5 Ne5 25. hxg6 fxg6 26. Rxf8+ Rxf8 27. Be2
Qf6 28. Qb6 Qh4 29. g3 Qe4 30. Re3 Qf5 31. Rc3 Qb1+ 32. Kh2 Qe1 0-1

[Event "N1 Reykjavik Open 2014"]
[Site "Reykjavik ISL"]
[Date "2014.03.12"]
[Round "10.57"]
[White "Van Der Merwe, Cecile H."]
[Black "Teh, Eu Wen Aron"]
[Result "0-1"]
[WhiteTitle "WIM"]
[WhiteElo "2026"]
[BlackElo "2237"]
[WhiteFideId "14300648"]
[BlackFideId "5704723"]
[EventDate "2014.03.04"]

1. e4 e5 2. Nf3 Nc6 3. Bc4 Bc5 4. b4 Bxb4 5. c3 Ba5 6. d4 d6 7. Qb3 Qd7 8. dxe5
Bb6 9. Bb5 a6 10. Bxc6 Qxc6 11. Ng5 Be6 12. Nxe6 Qxe4+ 13. Be3 fxe6 14. Qxe6+
Ne7 15. Nd2 Qxe5 16. Qxe5 dxe5 17. Bxb6 cxb6 18. Nc4 Nd5 19. Nxe5 O-O 20. O-O
Rfe8 21. Rfe1 Nxc3 22. a3 Rac8 23. Kf1 b5 24. Rac1 Nd5 25. Rcd1 Nb6 26. f4 Re7
27. Rd4 Nc4 28. a4 Nxe5 29. fxe5 bxa4 30. Rxa4 Rc5 31. Rb4 b5 32. Rbe4 Re6 33.
Ra1 g5 34. Kf2 Kf7 35. Re2 b4 36. Rea2 Rcxe5 37. Rxa6 Rf5+ 38. Kg3 Rxa6 39. Rxa6
Rb5 40. Ra2 b3 41. Rb2 Ke6 42. Kg4 Kf6 43. Kf3 h5 44. Ke3 Rb8 45. Kd4 g4 46. Kc3
Kg5 47. g3 h4 48. Kd4 Rb7 49. Kc4 Rc7+ 50. Kd3 hxg3 51. hxg3 Rf7 52. Kd4 Rf3 53.
Rg2 Kf5 54. Rg1 b2 55. Rb1 Rb3 56. Rf1+ Ke6 57. Rb1 Kd6 58. Kc4 Rb7 59. Kd4 Rb4+
60. Kc3 Kc5 61. Kd3 Kb5 62. Kc3 Ka4 63. Rxb2 Rxb2 64. Kxb2 Kb4 65. Kc2 Kc4 0-1

[Event "N1 Reykjavik Open 2014"]
[Site "Reykjavik ISL"]
[Date "2014.03.12"]
[Round "10.58"]
[White "Teitsson, Magnus"]
[Black "Hansen, Lars-Henrik Bech"]
[Result "1/2-1/2"]
[WhiteElo "2207"]
[BlackElo "2022"]
[WhiteFideId "2302152"]
[BlackFideId "1402021"]
[EventDate "2014.03.04"]

1. e4 e5 2. Nf3 Nc6 3. Bb5 Bc5 4. c3 Nge7 5. O-O a6 6. Ba4 b5 7. Bb3 d6 8. Ng5
d5 9. exd5 Na5 10. Qf3 Nf5 11. Ne4 Nxb3 12. axb3 Bd6 13. Na3 Rb8 14. Nc2 Nh4 15.
Qg3 Nf5 16. Nxd6+ cxd6 17. Qf3 Nh4 18. Qe2 Qg5 19. f4 Qg6 20. Ne3 O-O 21. d3 Re8
22. Qf2 exf4 23. Qxf4 Rxe3 24. Qxh4 Bh3 25. Qf2 Re5 26. Qf3 Bg4 27. Qg3 Rxd5 28.
d4 Bc8 29. Qxg6 hxg6 30. Bf4 b4 31. Rfe1 Kf8 32. Rad1 bxc3 33. bxc3 Rb6 34. b4
Rf5 35. Bg3 Be6 36. d5 Rxd5 37. Rxd5 Bxd5 38. Rd1 Bc4 39. Bxd6+ Kg8 40. Rd4 Rc6
41. Bc5 Bb3 42. Rd8+ Kh7 43. Bd4 Re6 44. Kf2 Bc4 45. Kf3 Be2+ 46. Kf4 Bb5 47.
Rc8 Bc6 48. Rc7 f6 49. g4 Bd5 50. g5 Kg8 51. Kg3 Be4 52. Kf2 Bd3 53. Be3 Bb5 54.
c4 Ba4 55. Rc5 Bb3 56. b5 axb5 57. cxb5 Re7 58. Ke2 Rd7 59. b6 Bd5 60. Kd3 Bb7+
61. Kc4 Kf7 62. Bf4 Ba6+ 63. Kb4 Ke6 64. Bg3 Bb7 65. Kb5 Rd5 1/2-1/2

[Event "N1 Reykjavik Open 2014"]
[Site "Reykjavik ISL"]
[Date "2014.03.12"]
[Round "10.59"]
[White "Halldorsson, Jon Arni"]
[Black "Valtysson, Thor"]
[Result "1/2-1/2"]
[WhiteElo "2185"]
[BlackElo "1998"]
[WhiteFideId "2301075"]
[BlackFideId "2301903"]
[EventDate "2014.03.04"]

1. d4 d5 2. c4 c6 3. cxd5 cxd5 4. Nc3 Nf6 5. Bf4 Nc6 6. e3 a6 7. Rc1 Bf5 8. Nf3
e6 9. Qb3 Ra7 10. Be2 Be7 11. Ne5 Nxe5 12. Bxe5 O-O 13. O-O Nd7 14. Bg3 b5 15.
a4 b4 16. Na2 Qb6 17. Bd3 Bxd3 18. Qxd3 b3 19. Nc3 Bd6 20. a5 Qb8 21. Bxd6 Qxd6
22. Na4 Qb4 23. Nc5 Qxa5 24. Qxb3 g6 25. Nxd7 Rxd7 26. Rc5 Qd8 27. Rfc1 Qb8 28.
Qxb8 Rxb8 29. Rc8+ Rxc8 30. Rxc8+ Kg7 31. Kf1 Rb7 32. Rc2 1/2-1/2

[Event "N1 Reykjavik Open 2014"]
[Site "Reykjavik ISL"]
[Date "2014.03.12"]
[Round "10.60"]
[White "Iclicki, Willy"]
[Black "Hellwig, Tobias"]
[Result "0-1"]
[WhiteElo "1993"]
[BlackElo "2180"]
[WhiteFideId "200450"]
[BlackFideId "4695429"]
[EventDate "2014.03.04"]

1. d4 d6 2. c4 e5 3. dxe5 dxe5 4. Qxd8+ Kxd8 5. g3 Be6 6. b3 Nd7 7. Bh3 Bxh3 8.
Nxh3 f6 9. Ba3 Bxa3 10. Nxa3 c6 11. O-O-O Kc7 12. f3 Ne7 13. e4 Nc5 14. f4 exf4
15. Nxf4 Ng6 16. Nh5 Rhg8 17. Rhe1 Rae8 18. Rd4 Ne5 19. Re3 Ng4 20. Re2 Re5 21.
Nf4 Rge8 22. h3 Nh6 23. g4 Nxe4 24. Nb1 R8e7 25. Nd3 Ng3 26. Rd2 Ne2+ 0-1

[Event "N1 Reykjavik Open 2014"]
[Site "Reykjavik ISL"]
[Date "2014.03.12"]
[Round "10.61"]
[White "Arvidsson, Jonas"]
[Black "Van Weersel, Arlette"]
[Result "0-1"]
[BlackTitle "WIM"]
[WhiteElo "1992"]
[BlackElo "2176"]
[WhiteFideId "1717839"]
[BlackFideId "1009877"]
[EventDate "2014.03.04"]

1. e4 d5 2. exd5 Qxd5 3. Nc3 Qd8 4. d4 Nf6 5. Bf4 c6 6. Bc4 Bg4 7. Nf3 e6 8. a3
Nbd7 9. h3 Bxf3 10. Qxf3 Nb6 11. Bb3 Bd6 12. Bg5 Be7 13. O-O-O Nfd5 14. Bxe7
Qxe7 15. Nxd5 cxd5 16. Rhe1 O-O 17. Kb1 Qc7 18. Re3 a5 19. Qg4 a4 20. Ba2 Nd7
21. h4 Nf6 22. Qe2 Rfc8 23. f3 Qg3 24. Rh1 Rc6 25. Rh3 Qf4 26. h5 Qxd4 27. g4
Rac8 28. c3 Qf4 29. Rh1 h6 30. Rd1 b5 31. Ka1 Rb6 32. Rd4 Qg3 33. Bb1 Rc4 34.
Rxc4 dxc4 35. Re5 Nd7 36. Rd5 exd5 37. Qe8+ Nf8 0-1

[Event "N1 Reykjavik Open 2014"]
[Site "Reykjavik ISL"]
[Date "2014.03.12"]
[Round "10.62"]
[White "Beltz, Franziska"]
[Black "Aubert, Carsten"]
[Result "1-0"]
[WhiteTitle "WFM"]
[WhiteElo "2155"]
[BlackElo "1997"]
[WhiteFideId "4681401"]
[BlackFideId "1504320"]
[EventDate "2014.03.04"]

1. e4 e5 2. Nf3 Nc6 3. d4 exd4 4. Nxd4 Nf6 5. Nxc6 bxc6 6. Nd2 d6 7. Bd3 Be7 8.
O-O O-O 9. f4 d5 10. e5 Bc5+ 11. Kh1 Ng4 12. Qe1 g6 13. Nf3 Nh6 14. Qc3 Qe7 15.
f5 Nxf5 16. Bxf5 Bb4 17. Qxc6 Bxf5 18. c3 Ba5 19. Qxd5 Bb6 20. Bg5 Qe6 21. Qb5
c6 22. Qb4 Bd3 23. Rfd1 Be2 24. Rd6 Qf5 25. Rf6 Qd3 26. Qh4 h5 27. Rd6 Qxf3 28.
Bf6 Qg4 29. Qe1 Bf3 30. Qd2 Bd5 31. Rxd5 Kh7 32. Rd3 Rae8 33. Rg3 Qf5 34. Rf3
Qe4 35. Re1 Qc4 36. Rf4 Qxa2 37. Rh4 Bd8 38. Rf1 Qe6 39. Qg5 Rg8 40. Rxh5+ 1-0

[Event "N1 Reykjavik Open 2014"]
[Site "Reykjavik ISL"]
[Date "2014.03.12"]
[Round "10.63"]
[White "Michalowski, Peter"]
[Black "Marentini, Marcel"]
[Result "1-0"]
[WhiteElo "1985"]
[BlackElo "2155"]
[WhiteFideId "24609978"]
[BlackFideId "1318730"]
[EventDate "2014.03.04"]

1. e4 d6 2. d4 Nf6 3. Nc3 e5 4. Nf3 Nbd7 5. Bc4 Be7 6. O-O O-O 7. Re1 c6 8. a4
Qc7 9. b3 h6 10. h3 Re8 11. Bb2 Nf8 12. Bf1 Ng6 13. g3 Bf8 14. Qd2 Be6 15. Bg2
Rad8 16. Rad1 a6 17. d5 Bd7 18. Qe2 c5 19. Ra1 Be7 20. Nd2 Rb8 21. a5 Qc8 22.
Kh2 Bd8 23. Nc4 Bc7 24. Na4 Qd8 25. Nab6 Bb5 26. Qe3 Nd7 27. Nxd7 Bxd7 28. f4
exf4 29. gxf4 Qh4 30. Rf1 Bb5 31. Qg3 Rbd8 32. Bc3 Qxg3+ 33. Kxg3 f5 34. Rae1
fxe4 35. Bxe4 Nf8 36. Kf3 Bxc4 37. bxc4 Kf7 38. Rg1 g6 39. f5 g5 40. Rb1 Rb8 41.
Rb3 Nd7 42. Rgb1 b6 43. axb6 Rxb6 44. Rxb6 Bxb6 45. f6 Rb8 46. Bf5 Ne5+ 47. Ke4
Bc7 48. Be6+ Kxf6 49. Rf1+ Kg6 50. Bxe5 dxe5 51. Rf7 Bd6 52. Ra7 Rb6 53. Bf7+
Kf6 54. Bh5 Be7 55. Rc7 a5 56. Ra7 Rb4 57. Ra6+ Kg7 58. Ra7 Kf6 59. Ra6+ Kg7 60.
Kxe5 Rxc4 61. Ra7 Kf8 62. Ra8+ Kg7 63. Ra7 Kf8 64. d6 Bxd6+ 65. Kxd6 Rxc2 66.
Rxa5 Rc3 67. Ke6 Rc4 68. Ra8+ Kg7 69. Ra7+ Kf8 70. Ra8+ Kg7 71. Ra7+ Kf8 72. Bg6
Rf4 73. Bf5 Rd4 74. Kf6 Rd6+ 75. Be6 Rd8 76. Rf7+ 1-0

[Event "N1 Reykjavik Open 2014"]
[Site "Reykjavik ISL"]
[Date "2014.03.12"]
[Round "10.64"]
[White "Jonsson, Pall G"]
[Black "Chernukhin, Alexander"]
[Result "1/2-1/2"]
[WhiteElo "1802"]
[BlackElo "2135"]
[WhiteFideId "2303205"]
[BlackFideId "24177199"]
[EventDate "2014.03.04"]

1. b4 Nf6 2. Bb2 g6 3. e3 Bg7 4. c4 O-O 5. Nf3 d6 6. h3 e5 7. Be2 Nbd7 8. O-O
Re8 9. Qb3 e4 10. Ne1 Ne5 11. d3 exd3 12. Nxd3 Ne4 13. Nxe5 Bxe5 14. Bd3 f5 15.
Qc2 Nf6 16. Nd2 Qe7 17. Nf3 Bxb2 18. Qxb2 Bd7 19. Rfe1 Rad8 20. Rac1 Bc8 21. a4
b6 22. Nd4 Bb7 23. c5 dxc5 24. bxc5 Bd5 25. cxb6 cxb6 26. Bb5 Rf8 27. Nc6 Bxc6
28. Rxc6 Rd6 29. Rec1 Rfd8 30. Rc7 Rd1+ 31. Bf1 R1d7 32. R7c6 Rd6 33. Qb3+ Kg7
34. Qb2 Rxc6 35. Rxc6 Rd6 36. Qa3 Re6 37. Qc3 Rxc6 38. Qxc6 Qd7 39. Qc2 Qd6 40.
Qb2 Qc5 41. Bd3 Qd6 1/2-1/2